Bez hranic /
Skutečná vražda, virtuální detektivové. Další případ Williama Wistinga.
Uloženo v:
| Série: | William Wisting,
část 16 |
|---|---|
| Hlavní autor: | |
| Další autoři: | |
| Médium: | E-kniha |
| Jazyk: | Czech |
| Vydáno: |
Praha :
Kniha Zlin,
2024
|
| Vydání: | Vydání první |
| Témata: | |
| Příbuzné jednotky: | Z cyklu::
William Wisting |
| Tagy: |
Žádné tagy |
| LEADER | 02443nam a2200457 i 4500 | ||
|---|---|---|---|
| 001 | 312474 | ||
| 003 | CZ PrSKC | ||
| 005 | 20260601215723.0 | ||
| 007 | ta | ||
| 008 | 240802s2024 xr g 000 f cze | ||
| 015 | |a cnb003625449 | ||
| 020 | |a 9788076626782 |q (vázáno) : |c Kč 469,00 | ||
| 035 | |a (OCoLC)1459785803 | ||
| 040 | |a ABG001 |b cze |e rda | ||
| 041 | 1 | |a cze |h nor | |
| 072 | 7 | |a 821.11 |x Germánské literatury |2 Konspekt | |
| 080 | |a 821.113.5-31 |2 MRF | ||
| 080 | |a (0:82-312.4) |2 MRF | ||
| 100 | 1 | |a Horst, Jørn Lier, |d 1970- |7 xx0183412 |4 aut | |
| 240 | 1 | 0 | |a Grenseløs. |l Česky |
| 245 | 1 | 0 | |a Bez hranic / |c Jørn Lier Horst ; přeložila Kateřina Krištůfková |
| 250 | |a Vydání první | ||
| 264 | 1 | |a Praha : |b Kniha Zlin, |c 2024 | |
| 300 | |a 363 stran ; |c 21 cm | ||
| 336 | |a text |b txt |2 rdacontent | ||
| 337 | |a bez média |b n |2 rdamedia | ||
| 338 | |a svazek |b nc |2 rdacarrier | ||
| 500 | |a Přeloženo z norštiny | ||
| 520 | 2 | |a Skutečná vražda, virtuální detektivové. Další případ Williama Wistinga. |b Po vraždě australské batůžkářky ve Španělsku vznikne na internetu fórum, jehož členové začnou po pachateli pátrat na vlastní pěst. Patří k nim i mladá Norka, která se zabývá analýzou fotografií. Ve chvíli, kdy natrefí na cosi překvapivého, se ale odmlčí. Zakladatelka fóra se obrátí na norskou policii, protože se obává o dívčin život. Její podnět dostává na stůl Wisting. Vyšetřování se věnuje zprvu vlažně, k ráznému jednání ho přiměje až nález zmrzlého ženského těla. Nakladatelská anotace. | |
| 655 | 7 | |a norské romány |7 fd132917 |2 czenas | |
| 655 | 7 | |a detektivní romány |7 fd132010 |2 czenas | |
| 655 | 9 | |a Norwegian fiction |2 eczenas | |
| 655 | 9 | |a detective novels |2 eczenas | |
| 700 | 1 | |a Krištůfková, Kateřina, |d 1974- |7 js20030929005 |4 trl | |
| 787 | 0 | 8 | |i Z cyklu: |t William Wisting |g 16 |
| 900 | |a ABA001 |b 20 | ||
| 928 | 9 | |a Albatros Media - Kniha Zlin | |
| 044 | |a xr | ||
| 910 | |a RBIT002 | ||
| 998 | |d 409545 |a https://core.palmknihy.cz/api/books/409545/cover?sho3gf |b https://core.palmknihy.cz/api/books/409545/cover/400?sho3gf |c https://core.palmknihy.cz/api/books/409545/cover/50?sho3gf |e 2027-08-24 |g 368 |i 9788076626782 |j https://core.palmknihy.cz/api/books/409545/preview.epub |k https://core.palmknihy.cz/api/books/409545/preview.pdf |l |q 49 |r 1 |s https://www.palmknihy.cz/kniha/409545 |t ebook |y 2024 |z 0 |v William Wisting |w 16 | ||
| 999 | |d 312472 | ||